000 00596nam a22001937a 4500
005 20250724152107.0
010 _aENG-146130
020 _a9789349015333
_c550.00
035 _aEN-129662
037 _bDBAD
082 _a000
245 _aUniversal's All India Bar Examination Solved Papers 2015-2025/
250 _a1
260 _aGurgaon
_bLexisNexis
_c2025
270 _a14th Floor, Building No.10, Tower-B, DLF Cyber city, Phase-II
_bGurgaon
_e122002
300 _a295p.
_c24cm(pb)
500 _aConducted By the Bar Council of India
942 _2ddc
_cEN
_h000
_mUNI
999 _c212591
_d212591